00810nam a22002297a 450000500170000001000130001702000220003003500130005203700160006504000120008108200160009310000240010924501010013326000330023427000830026730000250035049000520037550000510042765000560047865000270053470000190056120170124110040.0 aA-759304 c00.00a8170188520 aA-759304 bCen Lib/Ret aDPLbEN a883.08bSHA aSharma, Ashok Kumar aThe novels of Manohar Malgaonkar :cby Ashok Kumar Sharma and edited by A. N. Dwivediba study / c1995aDelhibB.R. Publishing bDelhiaA-6, Nimri Community Centre, Ashok Vihar-IV, Near Bharat Nagar e110052 aviii,122p.c20cm(Hb) aIndian writers series ; edited by A. N. Dwivedi aIncludes bibliographical references and index  aMalgonkar, Manohar, -- 1913-2010 -- Fictional works aIndia -- In literature aDwivedi, A. N.